000 00574nam a2200145 a 4500
008 120416s1994 ||||||||||||||||| || u
050 _aIBRD(08)
100 _aSandra, Cointreau-Levine
245 1 0 _aPrivate sector participation in municipal solid waste services in developing countries
246 _aSandra Cointreau-Levine
260 _aWashington, D. C.
_bWorld Bank
_c1994
300 _avi, 52p. : ill.
350 _a0.00
995 _D0.00
_FCBU-MAIN LIBRARY (Kitwe)
_H1
_I0.00
_M1
_UAVAILABLE
_ZInternational Publications
999 _c54689
_d54689